| 000 | 00680nam a2200241Ia 4500 | ||
|---|---|---|---|
| 003 | OSt | ||
| 005 | 20221006153552.0 | ||
| 006 | a|||||r|||| 00| 0 | ||
| 007 | ta | ||
| 008 | 221006b |||||||| |||| 00| 0 eng d | ||
| 024 | _a32,720 | ||
| 037 | _cSeries Articles | ||
| 040 |
_aEASL _cEASL _beng |
||
| 041 |
_2eng _aeng |
||
| 100 |
_aXin He Au. _9664448 |
||
| 245 | 0 |
_aThe recent decline in economic caseloads in Chinese courts _b Exploration of a surprising puzzle |
|
| 260 |
_aLondon _bCambridge University Press UK _c2007 |
||
| 300 |
_a352-374 _ccm. |
||
| 490 | _v190 | ||
| 650 | _aEconomics | ||
| 942 |
_cREF _2CC |
||
| 999 |
_c1100806 _d1100806 |
||